书目信息 |
| 题名: |
教琴日记
|
|
| 作者: | 林华, 著 | |
| 分册: | ||
| 出版信息: | 上海 上海音乐出版社 2016.08 |
|
| 页数: | 252页 | |
| 开本: | 24cm | |
| 丛书名: | ||
| 单 册: | ||
| 中图分类: | J624.16 | |
| 科图分类: | ||
| 主题词: | 钢琴--gang qin--奏法--教学研究 | |
| 电子资源: | ||
| ISBN: | 978-7-5523-1047-4 | |
| 000 | 01119nam0 2200301 450 | |
| 001 | CAL 0120161995261 | |
| 005 | 20171211153601.46 | |
| 010 | @a978-7-5523-1047-4@b@dCNY48.00 | |
| 100 | @a20161024d2016 em y0chiy50 ea | |
| 101 | 0 | @achi |
| 102 | @aCN@b310000 | |
| 105 | @aag z 001yy | |
| 106 | @ar | |
| 200 | 1 | @a教琴日记@Ajiao qin ri ji@d= The diary of teachin piano@e音乐教学心理思考@f林华著@g@zeng |
| 210 | @a上海@c上海音乐出版社@d2016.08 | |
| 215 | @a252页@c图@d24cm | |
| 300 | @a上海音乐学院音乐教育系085内涵建设支持项目 | |
| 314 | @a林华, 教授、博导、作曲家、音乐理论家。 | |
| 320 | @a有索引 | |
| 330 | @a本书作者用了五篇十章道出了她在教学过程中的种种感受, 主要内容包括: 教师心理素质 ; 学生入选条件 ; 塑健全人格 ; 文本诠释能力 ; 提升听觉认知 ; 发展音乐思维 ; 多觉协调能力等。 | |
| 510 | 1 | @aDiary of teachin piano@zeng |
| 517 | 1 | @a音乐教学心理思考@Ayin yue jiao xue xin li si kao |
| 606 | 0 | @a钢琴@Agang qin@x奏法@x教学研究 |
| 690 | @aJ624.16@v5 | |
| 701 | 0 | @a林华,@Alin hua@f1942-@4著 |
| 801 | 0 | @aCN@b人天书店@c20161024@g |
| 905 | @aMUSEBZT@dJ624.16@e11 | |
| 906 | @dCNY48.00@n3@r1 | |
| 教琴日记= The diary of teachin piano:音乐教学心理思考/林华著.-上海:上海音乐出版社,2016.08 |
| 252页:图;24cm |
| 上海音乐学院音乐教育系085内涵建设支持项目 |
| ISBN 978-7-5523-1047-4:CNY48.00 |
| 本书作者用了五篇十章道出了她在教学过程中的种种感受, 主要内容包括: 教师心理素质 ; 学生入选条件 ; 塑健全人格 ; 文本诠释能力 ; 提升听觉认知 ; 发展音乐思维 ; 多觉协调能力等。 |
| ● |
| 相关链接 |
|
|
|
正题名:教琴日记
索取号:J624.16/11
 
预约/预借
| 序号 | 登录号 | 条形码 | 馆藏地/架位号 | 状态 | 备注 |
| 1 | 836101 | 2000836101 | 第二书库/ [索取号:J624.16/11] | 在馆 | |
| 2 | 836102 | 2000836102 | 第二书库/ [索取号:J624.16/11] | 在馆 | |
| 3 | 836103 | 2000836103 | 第二书库/ [索取号:J624.16/11] | 在馆 |